[Event "DEM U10 2018"]
[Site "Willingen GER"]
[Date "2018.05.21"]
[Round "4"]
[White "Ivanov, Alexander"]
[Black "Schüller, Julian"]
[Result "1-0"]
[Termination "normal"]
[Board "30"]
[WhiteElo "1155"]
[BlackElo "1035"]
[PlyCount "103"]
[WhiteFideId "34604472"]
[BlackFideId "16265882"]
[EventCountry "GER"]
[EventRounds "11"]
[EventType "swiss"]
[EventDate "2018.05.19"]

1. d4 d5 2. c4 Nf6 3. Nc3 e6 4. cxd5 exd5 5. Bg5 c5 6. e3 Nc6 7. Nf3 a6 8. Qc2
Be6 9. Ne5 Nxe5 10. dxe5 h6 11. Bxf6 gxf6 12. exf6 Qxf6 13. Qa4+ Bd7 14. Nxd5
Bxa4 15. Nxf6+ Ke7 16. Nd5+ Kd8 17. Nb6 Rb8 18. Nxa4 b5 19. Rd1+ Ke8 20. Nc3 f5
21. Be2 Kf7 22. O-O Be7 23. Rd7 Rhd8 24. Rfd1 Ke6 25. Rxd8 Rxd8 26. Rxd8 Bxd8
27. a4 b4 28. Bc4+ Kd6 29. Ne2 a5 30. Ng3 Ke5 31. f4+ Kf6 32. Bd3 h5 33. Nxh5+
Kg6 34. Ng3 Bf6 35. Bxf5+ Kf7 36. b3 Bb2 37. h4 Kg7 38. e4 Kf7 39. e5 Bxe5 40.
fxe5 Ke7 41. h5 Kf7 42. h6 Kg8 43. e6 Kf8 44. e7+ Kxe7 45. h7 Kd6 46. h8=Q Kd5
47. Qd8+ Kc6 48. Qd7+ Kb6 49. Qd6+ Kb7 50. Be4+ Kc8 51. Qe7 Kb8 52. Qb7# 1-0

[Event "DEM U10 2018"]
[Site "Willingen GER"]
[Date "2018.05.22"]
[Round "5"]
[White "Müller, Maximilian"]
[Black "Möller, Maurin"]
[Result "1/2-1/2"]
[Termination "normal"]
[Board "1"]
[WhiteElo "1497"]
[BlackElo "1500"]
[WhiteClock "00:13:22"]
[BlackClock "00:20:50"]
[PlyCount "129"]
[WhiteFideId "16243552"]
[BlackFideId "16265696"]
[EventCountry "GER"]
[EventRounds "11"]
[EventType "swiss"]
[EventDate "2018.05.19"]

1. d4 {[%clk 1:15:59]} 1... d5 {[%clk 1:15:56]} 2. c4 {[%clk 1:16:23]} 2... e6
{[%clk 1:16:22]} 3. Nc3 {[%clk 1:16:33]} 3... c5 {[%clk 1:16:25]} 4. e3 { [%clk
1:16:48]} 4... Nc6 {[%clk 1:16:47]} 5. dxc5 {[%clk 1:14:31]} 5... Nf6 { [%clk
1:17:01]} 6. cxd5 6... exd5 {[%clk 1:17:22]} 7. Nf3 {[%clk 1:13:27]} 7... Bxc5
{[%clk 1:17:45]} 8. Bd3 {[%clk 1:11:54]} 8... O-O {[%clk 1:16:00]} 9. O-O
{[%clk 1:12:18]} 9... Re8 {[%clk 1:16:26]} 10. a3 {[%clk 1:10:33]} 10... Bg4 {
[%clk 1:16:40]} 11. Be2 {[%clk 1:09:56]} 11... Rc8 {[%clk 1:16:16]} 12. b4 {
[%clk 1:08:31]} 12... Bd6 {[%clk 1:16:19]} 13. Nb5 {[%clk 1:03:10]} 13... Bb8 {
[%clk 1:11:53]} 14. Nbd4 {[%clk 1:02:28]} 14... Qc7 {[%clk 1:07:25]} 15. g3 {
[%clk 1:01:35]} 15... Ne4 {[%clk 1:01:58]} 16. Bb2 {[%clk 1:00:28]} 16... Qe7 {
[%clk 0:51:53]} 17. Kg2 {[%clk 0:53:29]} 17... Qd7 {[%clk 0:51:53]} 18. Re1 {
[%clk 0:53:30]} 18... Bh3+ {[%clk 0:52:12]} 19. Kg1 {[%clk 0:53:56]} 19... Qe7
{[%clk 0:51:32]} 20. Bf1 {[%clk 0:53:15]} 20... Qd7 {[%clk 0:49:59]} 21. Bxh3 {
[%clk 0:48:17]} 21... Qxh3 {[%clk 0:50:22]} 22. b5 {[%clk 0:48:42]} 22... Ne5 {
[%clk 0:47:56]} 23. Nxe5 {[%clk 0:44:50]} 23... Bxe5 {[%clk 0:48:20]} 24. Qb3 {
[%clk 0:39:04]} 24... Nxf2 {[%clk 0:46:25]} 25. Qxd5 {[%clk 0:36:03]} 25... Nd3
{[%clk 0:39:11]} 26. Re2 {[%clk 0:35:46]} 26... Qg4 {[%clk 0:33:39]} 27. Rf1 {
[%clk 0:28:25]} 27... Rc7 {[%clk 0:30:14]} 28. Rd2 {[%clk 0:24:36]} 28... Nxb2
{[%clk 0:30:22]} 29. Rxb2 {[%clk 0:25:04]} 29... Rd7 {[%clk 0:30:18]} 30. Qf3 {
[%clk 0:24:45]} 30... Qxf3 {[%clk 0:30:27]} 31. Rxf3 {[%clk 0:24:13]} 31...
Rxd4 {[%clk 0:30:50]} 32. exd4 {[%clk 0:24:14]} 32... Bxd4+ {[%clk 0:31:14]}
33. Rbf2 {[%clk 0:24:07]} 33... Bxf2+ {[%clk 0:31:17]} 34. Kxf2 {[%clk 0:24:21]
} 34... f6 {[%clk 0:31:41]} 35. Rc3 {[%clk 0:24:31]} 35... Kf7 {[%clk 0:31:56]}
36. Kf3 {[%clk 0:24:28]} 36... Re7 {[%clk 0:31:24]} 37. a4 {[%clk 0:24:15]}
37... Ke6 {[%clk 0:30:42]} 38. a5 {[%clk 0:24:27]} 38... Kd5 {[%clk 0:31:01]}
39. h3 {[%clk 0:21:24]} 39... Kd6 {[%clk 0:30:20]} 40. b6 {[%clk 0:21:23]}
40... a6 {[%clk 0:30:05]} 41. h4 {[%clk 0:20:53]} 41... h5 {[%clk 0:28:59]} 42.
Kf4 {[%clk 0:20:46]} 42... g6 {[%clk 0:29:01]} 43. g4 {[%clk 0:20:09]} 43...
hxg4 {[%clk 0:25:12]} 44. Kxg4 {[%clk 0:20:25]} 44... Re5 {[%clk 0:22:50]} 45.
Rc7 {[%clk 0:20:49]} 45... Rxa5 {[%clk 0:23:14]} 46. Rxb7 {[%clk 0:21:11]}
46... Rh5 {[%clk 0:23:00]} 47. Rf7 {[%clk 0:18:53]} 47... f5+ {[%clk 0:18:56]}
48. Kg3 {[%clk 0:17:57]} 48... Ke6 {[%clk 0:18:29]} 49. b7 {[%clk 0:18:17]}
49... Rh8 {[%clk 0:18:56]} 50. Rc7 {[%clk 0:18:02]} 50... Rb8 {[%clk 0:19:01]}
51. Rc6+ {[%clk 0:18:26]} 51... Kf7 {[%clk 0:19:18]} 52. Rc7+ {[%clk 0:18:39]}
52... Kf6 {[%clk 0:19:36]} 53. Kf4 {[%clk 0:18:49]} 53... a5 {[%clk 0:19:45]}
54. Rc6+ {[%clk 0:19:12]} 54... Kf7 {[%clk 0:19:30]} 55. Rc7+ {[%clk 0:16:46]}
55... Kf6 {[%clk 0:19:48]} 56. Rc6+ {[%clk 0:17:11]} 56... Kg7 {[%clk 0:19:55]}
57. Kg5 {[%clk 0:16:51]} 57... Rxb7 {[%clk 0:20:12]} 58. Rxg6+ {[%clk 0:17:16]}
58... Kh7 {[%clk 0:20:05]} 59. Rh6+ {[%clk 0:17:40]} 59... Kg7 {[%clk 0:20:27]}
60. Rg6+ {[%clk 0:17:56]} 60... Kh8 {[%clk 0:20:30]} 61. Ra6 {[%clk 0:16:52]}
61... Rf7 {[%clk 0:20:16]} 62. Rxa5 {[%clk 0:16:46]} 62... f4 {[%clk 0:20:33]}
63. Ra2 {[%clk 0:15:35]} 63... f3 {[%clk 0:20:45]} 64. Kg6 {[%clk 0:12:59]}
64... Kg8 {[%clk 0:20:50]} 65. Rf2 {[%clk 0:13:22]} 1/2-1/2

[Event "DEM U10 2018"]
[Site "Willingen GER"]
[Date "2018.05.22"]
[Round "5"]
[White "Grabs, Peter"]
[Black "Poschadel, Andreas Gregor"]
[Result "0-1"]
[Termination "normal"]
[Board "3"]
[WhiteTitle "CM"]
[WhiteElo "1480"]
[BlackElo "1771"]
[WhiteClock "00:26:20"]
[BlackClock "00:10:28"]
[PlyCount "134"]
[WhiteFideId "16203887"]
[BlackFideId "16204948"]
[EventCountry "GER"]
[EventRounds "11"]
[EventType "swiss"]
[EventDate "2018.05.19"]

1. e4 {[%clk 1:15:58]} 1... c5 {[%clk 1:15:50]} 2. Nf3 {[%clk 1:16:22]} 2... e6
{[%clk 1:16:16]} 3. Nc3 {[%clk 1:16:21]} 3... a6 {[%clk 1:15:21]} 4. d3 { [%clk
1:16:14]} 4... b5 {[%clk 1:15:02]} 5. a3 {[%clk 1:16:01]} 5... Bb7 { [%clk
1:15:16]} 6. Be2 {[%clk 1:16:00]} 6... Be7 {[%clk 1:14:44]} 7. Be3 { [%clk
1:16:16]} 7... Nf6 {[%clk 1:13:53]} 8. h3 {[%clk 1:16:37]} 8... d5 { [%clk
1:13:47]} 9. e5 {[%clk 1:14:00]} 9... Nfd7 {[%clk 1:12:08]} 10. d4 { [%clk
1:12:39]} 10... c4 {[%clk 1:05:54]} 11. Na2 {[%clk 1:10:40]} 11... a5 { [%clk
1:03:03]} 12. c3 {[%clk 1:06:51]} 12... Nc6 {[%clk 1:00:57]} 13. O-O { [%clk
0:58:04]} 13... Nb6 {[%clk 0:59:17]} 14. Qd2 {[%clk 0:56:15]} 14... Qc7 { [%clk
0:55:14]} 15. Bg5 {[%clk 0:54:58]} 15... Bf8 {[%clk 0:49:19]} 16. Bd1 { [%clk
0:54:47]} 16... Ba6 {[%clk 0:45:21]} 17. Re1 {[%clk 0:54:46]} 17... h6 { [%clk
0:44:08]} 18. Bf4 {[%clk 0:53:15]} 18... Be7 {[%clk 0:42:25]} 19. Nc1 { [%clk
0:41:36]} 19... b4 {[%clk 0:38:47]} 20. a4 {[%clk 0:40:17]} 20... b3 { [%clk
0:38:01]} 21. Bg3 {[%clk 0:38:29]} 21... Qd7 {[%clk 0:36:43]} 22. Nh4 { [%clk
0:38:00]} 22... g5 {[%clk 0:35:20]} 23. Nf3 {[%clk 0:36:42]} 23... Nd8 { [%clk
0:34:37]} 24. h4 {[%clk 0:33:55]} 24... g4 {[%clk 0:33:09]} 25. Nh2 { [%clk
0:33:47]} 25... h5 {[%clk 0:33:29]} 26. f3 {[%clk 0:33:48]} 26... gxf3 { [%clk
0:27:58]} 27. Nxf3 {[%clk 0:33:09]} 27... Nxa4 {[%clk 0:26:30]} 28. Ne2 { [%clk
0:30:43]} 28... Bb5 {[%clk 0:24:59]} 29. Nf4 {[%clk 0:30:50]} 29... Nxb2 {[%clk
0:20:08]} 30. Qxb2 {[%clk 0:28:55]} 30... a4 {[%clk 0:17:50]} 31. Qb1 { [%clk
0:26:02]} 31... a3 {[%clk 0:17:11]} 32. Bxb3 {[%clk 0:25:08]} 32... cxb3 {[%clk
0:17:33]} 33. Qxb3 {[%clk 0:25:27]} 33... Bc4 {[%clk 0:17:55]} 34. Qc2 { [%clk
0:25:09]} 34... Qa4 {[%clk 0:17:00]} 35. Qxa4+ {[%clk 0:25:08]} 35... Rxa4
{[%clk 0:17:28]} 36. Nd2 {[%clk 0:24:41]} 36... Nc6 {[%clk 0:17:05]} 37. Nxc4
{[%clk 0:22:54]} 37... Rxc4 {[%clk 0:17:14]} 38. Ne2 {[%clk 0:23:06]} 38... Kf8
{[%clk 0:16:51]} 39. Kf2 {[%clk 0:19:27]} 39... Kg7 {[%clk 0:17:02]} 40. Reb1
{[%clk 0:18:48]} 40... Rb8 {[%clk 0:14:15]} 41. Rxb8 {[%clk 0:18:29]} 41...
Nxb8 {[%clk 0:14:42]} 42. Ke3 {[%clk 0:17:31]} 42... Nc6 {[%clk 0:13:09]} 43.
Kd3 {[%clk 0:16:59]} 43... Na5 {[%clk 0:12:07]} 44. Nc1 {[%clk 0:16:53]} 44...
Kg6 {[%clk 0:10:58]} 45. Be1 {[%clk 0:15:19]} 45... Kf5 {[%clk 0:08:46]} 46.
Kc2 {[%clk 0:12:16]} 46... Ke4 {[%clk 0:02:12]} 47. Nb3 {[%clk 0:12:27]} 47...
Nxb3 {[%clk 0:01:46]} 48. Kxb3 {[%clk 0:12:43]} 48... Kd3 {[%clk 0:00:39] } 49.
Ra2 {[%clk 0:12:00]} 49... Ke4 {[%clk 0:09:09]} 50. Rf2 {[%clk 0:25:46]} 50...
Bxh4 {[%clk 0:08:19]} 51. Re2+ {[%clk 0:24:11]} 51... Kd3 {[%clk 0:08:39] } 52.
Rd2+ {[%clk 0:24:05]} 52... Ke3 {[%clk 0:09:01]} 53. Rd1 {[%clk 0:23:16]} 53...
Ke2 {[%clk 0:08:28]} 54. Bxh4 {[%clk 0:22:39]} 54... Kxd1 {[%clk 0:07:45] } 55.
Be7 {[%clk 0:22:49]} 55... Ke2 {[%clk 0:07:03]} 56. Bxa3 {[%clk 0:22:57]} 56...
Kf2 {[%clk 0:07:28]} 57. Be7 {[%clk 0:23:03]} 57... Kxg2 {[%clk 0:07:43]} 58.
Bh4 {[%clk 0:23:27]} 58... Kh3 {[%clk 0:08:09]} 59. Be1 {[%clk 0:23:45]} 59...
h4 {[%clk 0:08:37]} 60. Kc2 {[%clk 0:24:11]} 60... Kg4 {[%clk 0:09:00]} 61. Kd3
{[%clk 0:24:25]} 61... h3 {[%clk 0:08:03]} 62. Ke3 {[%clk 0:24:36]} 62... h2
{[%clk 0:08:28]} 63. Bg3 {[%clk 0:24:51]} 63... Kxg3 {[%clk 0:08:50]} 64. Kd3
{[%clk 0:25:07]} 64... h1=Q {[%clk 0:09:14]} 65. Kd2 {[%clk 0:25:30]} 65...
Qg2+ {[%clk 0:09:40]} 66. Kd1 {[%clk 0:25:55]} 66... Rxc3 {[%clk 0:10:01] } 67.
Ke1 {[%clk 0:26:20]} 67... Rc1# {[%clk 0:10:28]} 0-1

[Event "DEM U10 2018"]
[Site "Willingen GER"]
[Date "2018.05.22"]
[Round "5"]
[White "Krüger, Aurelian"]
[Black "Helms, Finn"]
[Result "1/2-1/2"]
[Termination "normal"]
[Board "4"]
[WhiteElo "1469"]
[BlackElo "1435"]
[WhiteClock "00:55:02"]
[BlackClock "01:04:49"]
[PlyCount "47"]
[WhiteFideId "16230400"]
[BlackFideId "16249143"]
[EventCountry "GER"]
[EventRounds "11"]
[EventType "swiss"]
[EventDate "2018.05.19"]

1. c4 {[%clk 1:15:58]} 1... c6 {[%clk 1:15:55]} 2. Nf3 {[%clk 1:16:23]} 2... d5
{[%clk 1:16:21]} 3. b3 {[%clk 1:16:49]} 3... Nf6 {[%clk 1:16:45]} 4. Bb2 {
[%clk 1:17:10]} 4... Bf5 {[%clk 1:17:04]} 5. e3 {[%clk 1:17:27]} 5... e6 {
[%clk 1:17:28]} 6. Be2 {[%clk 1:17:41]} 6... Bd6 {[%clk 1:17:50]} 7. O-O {
[%clk 1:17:51]} 7... h6 {[%clk 1:18:10]} 8. Nc3 {[%clk 1:17:48]} 8... Nbd7 {
[%clk 1:18:31]} 9. d3 {[%clk 1:13:23]} 9... Qc7 {[%clk 1:18:07]} 10. Rc1 {
[%clk 1:12:51]} 10... dxc4 {[%clk 1:14:20]} 11. bxc4 {[%clk 1:10:34]} 11... O-O
{[%clk 1:14:32]} 12. Re1 {[%clk 1:09:02]} 12... Bg4 {[%clk 1:14:13]} 13. h3 {
[%clk 1:08:46]} 13... Bh5 {[%clk 1:13:27]} 14. d4 {[%clk 1:07:56]} 14... Rac8 {
[%clk 1:12:07]} 15. e4 {[%clk 1:07:20]} 15... e5 {[%clk 1:11:55]} 16. d5 {
[%clk 1:06:18]} 16... Nc5 {[%clk 1:10:39]} 17. Qc2 {[%clk 1:03:19]} 17... Bg6 {
[%clk 1:10:55]} 18. Bd3 {[%clk 1:01:53]} 18... Qb6 {[%clk 1:08:53]} 19. Rb1 {
[%clk 1:01:03]} 19... Qc7 {[%clk 1:08:48]} 20. Nd2 {[%clk 0:58:39]} 20... Nh5 {
[%clk 1:04:32]} 21. Na4 {[%clk 0:55:28]} 21... Nf4 {[%clk 1:04:41]} 22. Nxc5 {
[%clk 0:55:26]} 22... Bxc5 {[%clk 1:04:55]} 23. Nf3 {[%clk 0:55:02]} 23... f6 {
[%clk 1:04:49]} 24. Qd1 1/2-1/2

[Event "DEM U10 2018"]
[Site "Willingen GER"]
[Date "2018.05.22"]
[Round "5"]
[White "Kocharin, Timur"]
[Black "Kiefhaber, Tobias"]
[Result "1/2-1/2"]
[Termination "normal"]
[Board "5"]
[WhiteElo "1280"]
[BlackElo "1551"]
[WhiteClock "01:01:26"]
[BlackClock "00:43:12"]
[PlyCount "55"]
[WhiteFideId "16240936"]
[BlackFideId "16240693"]
[EventCountry "GER"]
[EventRounds "11"]
[EventType "swiss"]
[EventDate "2018.05.19"]

1. e4 {[%clk 1:15:54]} 1... c6 {[%clk 1:15:53]} 2. Nc3 {[%clk 1:16:10]} 2... d5
{[%clk 1:16:12]} 3. Qf3 {[%clk 1:16:29]} 3... dxe4 {[%clk 1:15:49]} 4. Nxe4 {
[%clk 1:16:39]} 4... Nf6 {[%clk 1:15:35]} 5. Bc4 {[%clk 1:16:55]} 5... Qd4 {
[%clk 1:15:03]} 6. d3 {[%clk 1:15:53]} 6... Bg4 {[%clk 1:08:44]} 7. Nxf6+ {
[%clk 1:14:56]} 7... gxf6 {[%clk 1:07:58]} 8. Qe4 {[%clk 1:14:55]} 8... Qxe4+ {
[%clk 1:06:39]} 9. dxe4 {[%clk 1:15:01]} 9... Nd7 {[%clk 1:04:52]} 10. f4 {
[%clk 1:14:35]} 10... Nb6 {[%clk 1:04:13]} 11. Bb3 11... Bd7 {[%clk 1:03:48]}
12. Be3 {[%clk 1:11:44]} 12... e6 13. a4 {[%clk 1:11:01]} 13... Bb4+ { [%clk
0:59:18]} 14. c3 {[%clk 1:11:20]} 14... Bd6 {[%clk 0:59:02]} 15. a5 { [%clk
1:10:00]} 15... Nc8 {[%clk 0:58:02]} 16. Nf3 {[%clk 1:09:26]} 16... a6 { [%clk
0:58:16]} 17. Bc4 {[%clk 1:08:06]} 17... Bc7 {[%clk 0:57:52]} 18. b4 { [%clk
1:07:37]} 18... Nd6 {[%clk 0:56:24]} 19. Bd3 {[%clk 1:07:02]} 19... O-O-O
{[%clk 0:56:32]} 20. O-O-O {[%clk 1:05:35]} 20... Kb8 {[%clk 0:55:45]} 21. g3 {
[%clk 1:04:54]} 21... Ne8 {[%clk 0:47:34]} 22. Rd2 {[%clk 1:04:33]} 22... e5 {
[%clk 0:46:45]} 23. Bc4 {[%clk 1:03:29]} 23... Bg4 {[%clk 0:46:07]} 24. Nh4 {
[%clk 1:02:59]} 24... Rxd2 {[%clk 0:45:35]} 25. Kxd2 {[%clk 1:03:09]} 25... Nd6
{[%clk 0:45:12]} 26. Bd3 {[%clk 1:01:49]} 26... Rd8 {[%clk 0:43:53]} 27. Kc2 {
[%clk 1:01:26]} 27... Be6 {[%clk 0:43:12]} 28. Rd1 1/2-1/2

[Event "DEM U10 2018"]
[Site "Willingen GER"]
[Date "2018.05.22"]
[Round "5"]
[White "Cilo, Selimhan"]
[Black "Sundui, Chinguun"]
[Result "0-1"]
[Termination "normal"]
[Board "6"]
[WhiteElo "1400"]
[BlackElo "1424"]
[WhiteClock "00:20:06"]
[BlackClock "00:18:28"]
[PlyCount "132"]
[WhiteFideId "16246756"]
[BlackFideId "4907930"]
[EventCountry "GER"]
[EventRounds "11"]
[EventType "swiss"]
[EventDate "2018.05.19"]

1. e4 {[%clk 1:15:58]} 1... c5 {[%clk 1:15:58]} 2. Nf3 {[%clk 1:16:17]} 2... d6
{[%clk 1:16:26]} 3. d4 {[%clk 1:16:28]} 3... cxd4 {[%clk 1:16:54]} 4. Nxd4 {
[%clk 1:16:47]} 4... Nf6 {[%clk 1:17:20]} 5. Nc3 {[%clk 1:16:58]} 5... a6 {
[%clk 1:17:47]} 6. Be2 {[%clk 1:16:58]} 6... e5 {[%clk 1:18:08]} 7. Nb3 { [%clk
1:17:12]} 7... Be6 {[%clk 1:18:30]} 8. O-O {[%clk 1:17:06]} 8... Be7 { [%clk
1:18:55]} 9. Kh1 {[%clk 1:16:59]} 9... Nbd7 {[%clk 1:18:51]} 10. f4 { [%clk
1:16:59]} 10... exf4 {[%clk 1:18:34]} 11. Bxf4 {[%clk 1:17:18]} 11... Ne5
{[%clk 1:18:55]} 12. Nd4 {[%clk 1:15:20]} 12... Qd7 {[%clk 1:03:54]} 13. Be3 {
[%clk 1:12:42]} 13... O-O {[%clk 1:02:00]} 14. Qe1 {[%clk 1:11:55]} 14... b5 {
[%clk 0:57:26]} 15. a3 {[%clk 1:11:17]} 15... Rac8 {[%clk 0:56:41]} 16. Rd1 {
[%clk 1:10:20]} 16... Rfd8 {[%clk 0:55:06]} 17. Qg3 {[%clk 1:08:50]} 17... Ng6
{[%clk 0:52:28]} 18. Nf5 {[%clk 1:06:50]} 18... Kh8 {[%clk 0:47:06]} 19. e5 {
[%clk 1:03:42]} 19... Bxf5 {[%clk 0:46:45]} 20. exf6 {[%clk 1:03:29]} 20...
Bxf6 {[%clk 0:46:42]} 21. Rd2 {[%clk 1:00:57]} 21... Bxc3 {[%clk 0:37:53]} 22.
bxc3 {[%clk 0:47:34]} 22... Rxc3 {[%clk 0:25:23]} 23. Rc1 {[%clk 0:44:17]}
23... Re8 {[%clk 0:16:22]} 24. Rxd6 {[%clk 0:35:09]} 24... Qc8 {[%clk 0:15:46]}
25. Rcd1 {[%clk 0:32:00]} 25... Rcxe3 {[%clk 0:14:04]} 26. Qxe3 {[%clk 0:32:03]
} 26... Rxe3 {[%clk 0:13:34]} 27. Rd8+ {[%clk 0:31:12]} 27... Re8 { [%clk
0:14:02]} 28. Rxc8 {[%clk 0:31:25]} 28... Rxc8 {[%clk 0:14:31]} 29. Bd3 { [%clk
0:30:53]} 29... Bxd3 {[%clk 0:14:12]} 30. cxd3 {[%clk 0:31:18]} 30... Kg8
{[%clk 0:14:14]} 31. Kg1 {[%clk 0:31:42]} 31... Kf8 {[%clk 0:14:19]} 32. Kf2 {
[%clk 0:31:59]} 32... Ke7 {[%clk 0:14:41]} 33. Ke3 {[%clk 0:32:20]} 33... Rc3 {
[%clk 0:14:46]} 34. Kd4 {[%clk 0:32:26]} 34... Rxa3 {[%clk 0:14:57]} 35. Kc5 {
[%clk 0:32:43]} 35... Kd7 {[%clk 0:15:05]} 36. d4 {[%clk 0:32:29]} 36... Ne7 {
[%clk 0:15:06]} 37. g4 {[%clk 0:32:31]} 37... Ra4 {[%clk 0:15:17]} 38. h3 {
[%clk 0:32:22]} 38... Rc4+ {[%clk 0:15:20]} 39. Kb6 {[%clk 0:32:19]} 39... Rc6+
{[%clk 0:15:47]} 40. Ka5 {[%clk 0:32:35]} 40... Kd6 {[%clk 0:16:07]} 41. Rd3 {
[%clk 0:32:05]} 41... Ng6 {[%clk 0:15:44]} 42. g5 {[%clk 0:31:27]} 42... Kd5 {
[%clk 0:15:57]} 43. Rf3 {[%clk 0:31:14]} 43... f6 {[%clk 0:15:38]} 44. Rf5+ {
[%clk 0:27:14]} 44... Kxd4 {[%clk 0:15:46]} 45. Rf1 {[%clk 0:26:54]} 45... Ke5
{[%clk 0:14:59]} 46. gxf6 {[%clk 0:26:48]} 46... gxf6 {[%clk 0:15:26]} 47. Re1+
{[%clk 0:26:17]} 47... Kf4 {[%clk 0:15:06]} 48. Re8 {[%clk 0:26:26]} 48... Kg3
{[%clk 0:15:21]} 49. Re3+ {[%clk 0:26:23]} 49... Kh4 {[%clk 0:15:44]} 50. Rf3 {
[%clk 0:24:52]} 50... Ne5 {[%clk 0:13:52]} 51. Rf5 {[%clk 0:22:17]} 51... Kxh3
{[%clk 0:13:56]} 52. Rh5+ {[%clk 0:22:40]} 52... Kg4 {[%clk 0:14:21]} 53. Rxh7
{[%clk 0:22:57]} 53... f5 {[%clk 0:14:46]} 54. Re7 {[%clk 0:22:48]} 54... Nc4+
{[%clk 0:15:02]} 55. Kb4 {[%clk 0:22:59]} 55... f4 {[%clk 0:15:24]} 56. Rg7+ {
[%clk 0:23:07]} 56... Kf5 {[%clk 0:15:44]} 57. Rd7 {[%clk 0:22:17]} 57... f3 {
[%clk 0:16:06]} 58. Rd3 {[%clk 0:21:46]} 58... Ke4 {[%clk 0:16:09]} 59. Rd8 {
[%clk 0:20:49]} 59... f2 {[%clk 0:16:05]} 60. Re8+ {[%clk 0:20:48]} 60... Ne5 {
[%clk 0:16:29]} 61. Rf8 {[%clk 0:20:16]} 61... Ke3 {[%clk 0:16:49]} 62. Rf5 {
[%clk 0:20:12]} 62... Re6 {[%clk 0:17:14]} 63. Kc5 {[%clk 0:19:37]} 63... Ke2 {
[%clk 0:17:31]} 64. Kd5 {[%clk 0:20:01]} 64... Re8 {[%clk 0:17:48]} 65. Rf4 {
[%clk 0:19:48]} 65... f1=Q {[%clk 0:18:09]} 66. Re4+ {[%clk 0:20:06]} 66... Kf2
{[%clk 0:18:28]} 0-1

[Event "DEM U10 2018"]
[Site "Willingen GER"]
[Date "2018.05.22"]
[Round "5"]
[White "Strehse, Nelson"]
[Black "Kieselbach, Jannik"]
[Result "1-0"]
[Termination "normal"]
[Board "7"]
[WhiteElo "1201"]
[BlackElo "1397"]
[WhiteClock "00:10:21"]
[BlackClock "00:23:10"]
[PlyCount "93"]
[WhiteFideId "16228898"]
[BlackFideId "16246403"]
[EventCountry "GER"]
[EventRounds "11"]
[EventType "swiss"]
[EventDate "2018.05.19"]

1. e4 {[%clk 1:15:53]} 1... c6 {[%clk 1:15:53]} 2. d4 {[%clk 1:16:10]} 2... d5
{[%clk 1:16:18]} 3. f3 {[%clk 1:16:10]} 3... e6 {[%clk 1:16:19]} 4. Nc3 { [%clk
1:16:18]} 4... Bd6 {[%clk 1:14:24]} 5. Be3 {[%clk 1:15:00]} 5... Nd7 { [%clk
1:12:23]} 6. Bd3 {[%clk 1:13:25]} 6... Qb6 {[%clk 1:08:52]} 7. Rb1 { [%clk
1:13:23]} 7... Qc7 {[%clk 1:05:45]} 8. g3 {[%clk 1:12:04]} 8... b6 { [%clk
0:58:18]} 9. Nge2 {[%clk 1:09:32]} 9... Bb7 {[%clk 0:57:25]} 10. O-O { [%clk
1:08:55]} 10... c5 {[%clk 0:55:49]} 11. Nb5 {[%clk 1:07:24]} 11... Qc6 { [%clk
0:55:58]} 12. Nxd6+ {[%clk 1:07:31]} 12... Qxd6 {[%clk 0:56:20]} 13. Bf4 {[%clk
1:03:10]} 13... Qc6 {[%clk 0:56:04]} 14. exd5 {[%clk 0:55:31]} 14... exd5
{[%clk 0:55:23]} 15. c3 {[%clk 0:55:34]} 15... c4 {[%clk 0:55:03]} 16. Bf5
{[%clk 0:54:05]} 16... Ngf6 {[%clk 0:54:32]} 17. Be5 {[%clk 0:49:49]} 17...
Nxe5 {[%clk 0:53:18]} 18. dxe5 {[%clk 0:50:06]} 18... Nd7 {[%clk 0:52:19]} 19.
Nd4 {[%clk 0:49:50]} 19... Qc5 {[%clk 0:51:42]} 20. f4 {[%clk 0:49:25]} 20...
Nb8 {[%clk 0:49:01]} 21. Kh1 {[%clk 0:47:27]} 21... Nc6 {[%clk 0:48:38]} 22. e6
{[%clk 0:38:11]} 22... f6 {[%clk 0:47:57]} 23. Qh5+ {[%clk 0:32:51]} 23... Kd8
{[%clk 0:47:22]} 24. Rfe1 {[%clk 0:25:04]} 24... Ne7 {[%clk 0:28:36]} 25. Qf7 {
[%clk 0:18:29]} 25... g6 {[%clk 0:27:43]} 26. Qxf6 {[%clk 0:17:32]} 26... Kc7 {
[%clk 0:25:43]} 27. Qe5+ {[%clk 0:13:01]} 27... Kd8 {[%clk 0:24:29]} 28. Qxh8+
{[%clk 0:12:12]} 28... Kc7 {[%clk 0:24:54]} 29. Qe5+ {[%clk 0:12:20]} 29... Kd8
{[%clk 0:25:17]} 30. Bc2 {[%clk 0:11:27]} 30... Rc8 {[%clk 0:21:20]} 31. Rbd1 {
[%clk 0:07:24]} 31... b5 {[%clk 0:20:01]} 32. Nf3 {[%clk 0:06:50]} 32... Nc6 {
[%clk 0:18:42]} 33. Rxd5+ {[%clk 0:06:52]} 33... Ke8 {[%clk 0:18:52]} 34. Rxc5
{[%clk 0:06:47]} 34... Nxe5 {[%clk 0:19:14]} 35. Rxc8+ {[%clk 0:07:01]} 35...
Bxc8 {[%clk 0:19:27]} 36. Nxe5 {[%clk 0:07:20]} 36... Bb7+ {[%clk 0:19:51]} 37.
Kg1 {[%clk 0:07:40]} 37... b4 {[%clk 0:20:08]} 38. cxb4 {[%clk 0:08:00]} 38...
c3 {[%clk 0:20:35]} 39. bxc3 {[%clk 0:08:18]} 39... a5 {[%clk 0:21:00]} 40. b5
{[%clk 0:08:34]} 40... a4 {[%clk 0:21:23]} 41. Nc6 {[%clk 0:08:52]} 41... a3 {
[%clk 0:21:39]} 42. Be4 {[%clk 0:09:11]} 42... g5 {[%clk 0:21:53]} 43. f5 {
[%clk 0:09:28]} 43... h5 {[%clk 0:22:08]} 44. f6 {[%clk 0:09:49]} 44... h4 {
[%clk 0:22:28]} 45. Bg6+ {[%clk 0:10:14]} 45... Kf8 {[%clk 0:22:47]} 46. e7+ {
[%clk 0:10:21]} 46... Kg8 {[%clk 0:23:10]} 47. e8=Q# 1-0